00747 2200181 4500001002100000005001500021035002000036007000300056008003900059082002300098084002900121100001700150245016500167260003300332300002300365650014900388856002800537INLIS00000000000623420240201031813 a0010-0224000074ta240201 | | |  a616. 207 259 815 6 a616. 207 259 815 6 HEL f0 aHELDA YUNITA1 aFAKTOR- FAKTOR RISIKO YANG BERHUBUNGAN DENGAN DENGAN GEJALA KLINIS ISPA PADA BALITA DI PEMUKIMAN WILAYAH KERJA PUSKESMAS KEBUN HANDIL KOTA JAMBI /cHELDA YUNITA aJambi :bSTIKES PRIMA,c2017 axiv, 56.p ;c30.cm 4aFAKTOR- FAKTOR RISIKO YANG BERHUBUNGAN DENGAN DENGAN GEJALA KLINIS ISPA PADA BALITA DI PEMUKIMAN WILAYAH KERJA PUSKESMAS KEBUN HANDIL KOTA JAMBI aS1 Kesehatan Masyarakat